Countries with more trees per capita - Statistics

General Stats
  • This quiz has been taken 40 times
    39 since last reset
  • The average score is 9 of 15
Answer Stats
# Trees per capita Country % Correct
8 4461 Russia
94%
3 8953 Canada
85%
14 2774 Norway
85%
7 4461 Finland
82%
11 3266 Australia
73%
12 3176 Republic of the Congo
70%
5 5465 Bolivia
67%
2 14692 Guyana
67%
1 15279 Suriname
67%
6 5152 Central African Republic
48%
13 3063 Papua New Guinea
48%
15 2747 Paraguay
45%
10 3552 Belize
39%
4 5465 Gabon
33%
9 3969 Botswana
18%
No matching quizzes found
Score Distribution
Percent of People with Each Score
Percentile by Number Answered
Your Score History
You have not taken this quiz since the last reset